Movies Quiz

Random Movies or Actress Quiz
Score 0/27 Timer 05:00
0 Plays Today
% Correct
Tom Hanks
94.1%
Robin Williams
90%
Matt Damon
89.1%
Russell Crowe
89.1%
Daniel Day-Lewis
85.6%
Jim Carrey
84.3%
Eddie Murphy
83.6%
Billy Crystal & Meg Ryan
82.8%
Mike Myers
82.1%
Anthony Hopkins
81.6%
Robert De Niro & Blythe Danner
79.6%
Jamie Foxx
77.9%
Dustin Hoffman
74.1%
Demi Moore
73.3%
% Correct
Amy Adams & Meryl Streep
73%
Simon Pegg
61.5%
Michael Cera
59%
John Travolta
56.8%
Robin Wright
54.2%
Michael Douglas
52.8%
Anthony Perkins
51.3%
David Carradine
46.8%
Pam Grier
41.9%
Bryan Cranston
37.8%
Ansel Elgort
27.8%
Henry Fonda
19.4%
Tippi Hedren
18%
Remove Ads.
Support Sporcle.
Get the best of Sporcle when you Go Orange. This ad-free experience offers more features, more stats, and more fun while also helping to support Sporcle. Thank you for becoming a member.

You're not logged in!

Compare scores with friends on all Sporcle quizzes.
OR
Log In

Show Comments

Extras

Top Quizzes Today


Score Distribution

Your Account Isn't Verified!

In order to create a playlist on Sporcle, you need to verify the email address you used during registration. Go to your Sporcle Settings to finish the process.

Report this User

Report this user for behavior that violates our Community Guidelines.

Details: